Normal view
MARC view
- Messrs. Winstanley
Entry Corporate Name
001 - CONTROL NUMBER
- control field: 5434
003 - CONTROL NUMBER IDENTIFIER
- control field: SIRSI
005 - DATE AND TIME OF LATEST TRANSACTION
- control field: 20190806150243.0
008 - FIXED-LENGTH DATA ELEMENTS
- fixed length control field: 071031n| acannaabn |n ana d
040 ## - CATALOGING SOURCE
- Original cataloging agency: OSt
- Transcribing agency: OSt
110 2# - HEADING--CORPORATE NAME
- Corporate name or jurisdiction name as entry element: Messrs. Winstanley
670 ## - SOURCE DATA FOUND
- Source citation: Particulars of an eligible freehold property...situated no. 11 The Terrace, near the Chapel, Upper Clapton...which will be sold by auction by Messrs. Winstanley at the Auction Mart, London on Friday the 4th of February 1842 at twelve o'clock..., [1842]